Normal view MARC view

Entry Nombre personal

Number of records used in: 4

001 - NÚMERO DE CONTROL

  • campo de control: 242241

003 - IDENTIFICADOR DE NÚMERO DE CONTROL

  • campo de control: SpMaBN

005 - FECHA Y HORA DE LA ÚLTIMA TRANSACCIÓN

  • campo de control: 20250910202936.0

008 - ELEMENTOS DE DATO DE LONGITUD-FIJA

  • campo de control de longitud fija: 141179nn aijnnaabn a aaa

016 ## - NÚMERO DE CONTROL DE UNA AGENCIA BIBLIOGRÁFICA NACIONAL

  • Número de control del registro: BNE19913020713

024 7# - IDENTIFICADOR DE OTROS ESTÁNDARES

  • Número estándar o código: http://www.wikidata.org/entity/Q315910
  • Fuente: wikidata

024 7# - IDENTIFICADOR DE OTROS ESTÁNDARES

  • Número estándar o código: http://viaf.org/viaf/12305586/
  • Fuente: viaf

024 7# - IDENTIFICADOR DE OTROS ESTÁNDARES

  • Número estándar o código: https://isni.org/isni/0000000368590628
  • Fuente: isni

040 ## - FUENTE DE CATALOGACIÓN

  • Centro catalogador/agencia de origen: SpMaBN
  • Lengua de catalogación: spa
  • Centro/agencia transcriptor: SpMaBN
  • Normas de descripción: rdc
  • Convención/Normas de encabezamiento de materia/tesauro: embne

100 1# - ENCABEZAMIENTO-NOMBRE DE PERSONA

  • Nombre de persona: Bookchin, Murray,
  • Fechas asociadas al nombre: 1921-2006

370 ## - LUGAR ASOCIADO

  • Lugar de nacimiento: The Bronx
  • Fuente de información: Wikidata

374 ## - OCUPACIÓN

  • Ocupación: Ecólogos
  • Ocupación: Profesores
  • Ocupación: Filósofos
  • Ocupación: Historiadores
  • Ocupación: Escritores
  • Fuente de información: Wikidata

375 ## - GÉNERO/SEXO

  • Género: Masculino
  • Fuente de información: Wikidata

377 ## - IDIOMA ASOCIADO

  • Término de lengua/lenguaje: Inglés

400 1# - TRAZADO DE VÉASE--NOMBRE DE PERSONA

  • Nombre de persona: Herber, Lewis
  • Fechas asociadas al nombre: 1921-2006

670 ## - FUENTE DE DATOS ENCONTRADOS

  • Cita de la fuente: El anarquismo y los problemas contemporáneos, de Murray Bookchin, et al., 1992

670 ## - FUENTE DE DATOS ENCONTRADOS

  • Cita de la fuente: CDMAR names, 1992
  • Información encontrada: (Bookchin, Murray, 1921- ; pseud.: Lewis Herber)

670 ## - FUENTE DE DATOS ENCONTRADOS

  • Cita de la fuente: Ecología o catástrofe, 2017
  • Información encontrada: port. (la vida de Murray Bookchin, Janet Biehl) solapa (Murray Bookchin, n. Bronx, Nueva York, 1921; m. Burlington, Vermont, 2006. Pionero en el movimiento de la ecología social)